Prime target (Record no. 80564)

MARC details
000 -LEADER
fixed length control field 00776cab a22001815a 4500
001 - CONTROL NUMBER
control field L144742
008 - FIXED-LENGTH DATA ELEMENTS--GENERAL INFORMATION
fixed length control field 080807s2008 xxkdo f s 000 0 eng d
035 ## - SYSTEM CONTROL NUMBER
System control number (Sirsi) u144742
041 0# - LANGUAGE CODE
Language code of text/sound track or separate title eng
100 1# - MAIN ENTRY--PERSONAL NAME
Personal name Shepherd, Keith
245 00 - TITLE STATEMENT
Title Prime target
260 ## - PUBLICATION, DISTRIBUTION, ETC.
Date of publication, distribution, etc. 2008
490 ## - SERIES STATEMENT
Series statement Building Service Journal
Volume/sequential designation 30(7) 7 August 2008, 59-62(4)
520 ## - SUMMARY, ETC.
Summary, etc. Discusses target carbon dioxide emission rate (TER) and the legal requirements around meeting the targets. Suggests that TER use provides the opportunity for a fundamental change to traditional approaches to construction and recommends setting the targets higher than minimum recommended levels. Provides advice on calculating TER.
651 #4 - SUBJECT ADDED ENTRY--GEOGRAPHIC NAME
Geographic name United Kingdom
Chronological subdivision
690 ## - LOCAL SUBJECT ADDED ENTRY--TOPICAL TERM (OCLC, RLIN)
Topical term or geographic name as entry element Building regulations
9 (RLIN) 6224
942 ## - ADDED ENTRY ELEMENTS (KOHA)
Suppress in OPAC 0
Holdings
Withdrawn status Lost status Source of classification or shelving scheme Damaged status Not for loan Home library Current library Shelving location Date acquired Total Checkouts Full call number Barcode Date last seen Copy number Price effective from Koha item type
    Dewey Decimal Classification     London London Journal article 07/08/2008   L144742 144742-1001 06/08/2019 1 06/08/2019 Journal article